000 01088nas a2200349 4500
001 BR2018001252
003 BR-BrBNA
005 20231205131338.0
007 ta
008 230509b bl.|||p| |||| 00| 00por d
040 _aBR-BrBNA
_bpor
_cBiblioteca Nacional de Agricultura
041 _a(En)
072 _aL01; L51
100 1 _aYang, Z.
100 1 _aQi, X.M.
100 1 _aYang, H.M.
100 1 _aDai, H.
100 1 _aXu, C.X.
100 1 _aWang, Z.Y.
245 1 _aEffects of dietary copper on growth performance, slaughter performance and nutrient content of fecal in growing from 28 to 70 days age
650 _aGANSO
650 _aRAÇÃO
650 _aCRESCIMENTO
650 _aABATE
650 _aCARCAÇA
650 _aCONVERSÃO ALIMENTAR
650 _aRENDIMENTO
773 0 _tBrazilian Journal of Poultry Science (Brazil)
_xISSN 1806-9061
_g(Jan-Mar 2018), v. 20(1) p. 45-51
_wBR2018001252
856 4 0 _uhttp://www.scielo.br/pdf/rbca/v20n1/1516-635X-rbca-20-01-00045.pdf
909 _a202311
_bLúcia
_c55
_dLúcia Elande
942 _2AGRIS
_n0
_cANA
999 _c254311
_d254311